[Event "Leipzig VfB op 25th"]
[Site "Leipzig"]
[Date "2018.03.25"]
[Round "9"]
[White "Ortlepp, Konstanze"]
[Black "Urlass, Bernd"]
[Result "1/2-1/2"]
[WhiteElo "1588"]
[BlackElo "1776"]
[PlyCount "20"]
[EventDate "2018.03.20"]
[EventType "swiss"]
[EventRounds "9"]
[EventCountry "GER"]
[SourceTitle "CBM 183 Extra"]
[Source "ChessBase"]
[SourceDate "2018.04.19"]
[SourceVersion "1"]
[SourceVersionDate "2018.04.19"]
[SourceQuality "1"]

1. e4 e6 2. d4 d5 3. exd5 exd5 4. Bd3 Nf6 5. h3 Be6 6. Qf3 Nbd7 7. Ne2 Bd6 8. Bf4 Bxf4 9. Nxf4 0-0 10. 0-0 Re8 1/2-1/2

[Event "Leipzig VfB op 25th"]
[Site "Leipzig"]
[Date "2018.03.24"]
[Round "8"]
[White "Reinsdorf, Christin"]
[Black "Ortlepp, Konstanze"]
[Result "1-0"]
[WhiteElo "1866"]
[BlackElo "1588"]
[PlyCount "111"]
[EventDate "2018.03.20"]
[EventType "swiss"]
[EventRounds "9"]
[EventCountry "GER"]
[SourceTitle "CBM 183 Extra"]
[Source "ChessBase"]
[SourceDate "2018.04.19"]
[SourceVersion "1"]
[SourceVersionDate "2018.04.19"]
[SourceQuality "1"]

1. e4 e5 2. Nf3 Nc6 3. Bc4 Nf6 4. Nc3 Be7 5. 0-0 d6 6. h3 0-0 7. d3 Na5 8. Bb5 Nc6 9. Be3 Bd7 10. Re1 a6 11. Ba4 Re8 12. Bb3 Na5 13. Nd5 Nxb3 14. axb3 Bc6 15. Nxf6+ Bxf6 16. c4 h6 17. Qc2 Qe7 18. Rac1 a5 19. Bd2 Bd7 20. Ra1 b6 21. b4 axb4 22. Bxb4 Qd8 23. b3 Qb8 24. Bc3 c5 25. b4 b5 26. bxc5 dxc5 27. cxb5 Rxa1 28. Rxa1 Qxb5 29. Bd2 Be6 30. Ra5 Qb8 31. Rxc5 Rd8 32. Ba5 Re8 33. Bc7 Qa8 34. Bxe5 Bxe5 35. Nxe5 Qa1+ 36. Qc1 Qd4 37. Qc3 Qd6 38. Nf3 Qf4 39. Qe5 Qf6 40. Qxf6 gxf6 41. Kh2 Kg7 42. Kg3 Bb3 43. Nd4 Be6 44. Kf4 Rd8 45. Ke3 Ra8 46. Nf5+ Kg6 47. Nh4+ Kg7 48. Rc2 Ra3 49. Rd2 Kf8 50. Kf4 Ke7 51. d4 Bc8 52. d5 Kd6 53. Nf5+ Bxf5 54. Kxf5 Ra7 55. Kxf6 Re7 56. Re2 1-0

[Event "Leipzig VfB op 25th"]
[Site "Leipzig"]
[Date "2018.03.21"]
[Round "3"]
[White "Halas, Julia"]
[Black "Ortlepp, Konstanze"]
[Result "1-0"]
[WhiteElo "1982"]
[BlackElo "1588"]
[PlyCount "89"]
[EventDate "2018.03.20"]
[EventType "swiss"]
[EventRounds "9"]
[EventCountry "GER"]
[SourceTitle "CBM 183 Extra"]
[Source "ChessBase"]
[SourceDate "2018.04.19"]
[SourceVersion "1"]
[SourceVersionDate "2018.04.19"]
[SourceQuality "1"]

1. d4 Nf6 2. c4 e5 3. dxe5 Ng4 4. Bf4 Nc6 5. Nf3 Bb4+ 6. Nbd2 Qe7 7. e3 Ngxe5 8. Be2 Ng6 9. Bg3 Bd6 10. a3 Bxg3 11. hxg3 d6 12. Qc2 Bd7 13. Ne4 h6 14. Nc3 Be6 15. Nd5 Bxd5 16. cxd5 Nce5 17. Bb5+ Kf8 18. Nd4 Rc8 19. Qf5 Rd8 20. Ne6+ Kg8 21. Nxd8 Qxd8 22. b4 a6 23. Be2 Ne7 24. Qe4 N7g6 25. Rc1 Kh7 26. f4 Nd7 27. Qd4 Re8 28. Bd3 Qf6 29. Qxf6 Nxf6 30. Kf2 Ng4+ 31. Kf3 Rxe3+ 32. Kxg4 Rxd3 33. Rxc7 Rxd5 34. Rxf7 b6 35. Rb7 b5 36. Ra7 Rd4 37. Kf5 Rd3 38. g4 Re3 39. g5 Ne7+ 40. Kg4 Kg6 41. gxh6 gxh6 42. Rh3 Re2 43. Kf3 Re6 44. g4 Nd5 45. f5+ 1-0

[Event "Leipzig VfB op 24th"]
[Site "Leipzig"]
[Date "2017.03.25"]
[Round "7"]
[White "Ortlepp, Konstanze"]
[Black "Krajinski, Lutz"]
[Result "1-0"]
[WhiteElo "1601"]
[BlackElo "1682"]
[PlyCount "67"]
[EventDate "2017.03.21"]
[EventType "swiss"]
[EventRounds "9"]
[EventCountry "GER"]
[SourceTitle "EXT 2018"]
[Source "ChessBase"]
[SourceDate "2017.10.13"]
[SourceVersion "1"]
[SourceVersionDate "2017.10.13"]
[SourceQuality "1"]

1. e4 c5 2. Nf3 Nc6 3. d4 cxd4 4. Nxd4 Nf6 5. Nc3 e6 6. Nb3 Bb4 7. Bd3 d5 8. exd5 Nxd5 9. Bd2 0-0 10. 0-0 Nxc3 11. bxc3 Be7 12. Re1 Qc7 13. Qh5 g6 14. Qh6 Bf6 15. Bf4 Qe7 16. Bd2 b6 17. Qf4 Bb7 18. Rad1 Rac8 19. Nc1 Rfd8 20. Ne2 Ne5 21. Be4 Bxe4 22. Qxe4 Nc4 23. Bc1 Nd6 24. Qf4 Rc4 25. Qf3 Nf5 26. Rxd8+ Qxd8 27. h3 Bg7 28. Bb2 Rc7 29. Qf4 Rd7 30. g4 Ne7 31. Ba3 Nd5 32. Qf3 Qc7 33. Rd1 Nxc3 34. Qa8+ 1-0

[Event "Leipzig VfB op 22nd"]
[Site "Leipzig"]
[Date "2015.03.05"]
[Round "5"]
[White "Ortlepp, Konstanze"]
[Black "Brylski, Nils"]
[Result "1-0"]
[WhiteElo "1609"]
[BlackElo "1734"]
[PlyCount "55"]
[EventDate "2015.03.03"]
[EventType "swiss"]
[EventRounds "9"]
[EventCountry "GER"]
[SourceTitle "EXT 2016"]
[Source "ChessBase"]
[SourceDate "2015.10.08"]
[SourceVersion "1"]
[SourceVersionDate "2015.10.08"]
[SourceQuality "1"]

1. e4 e5 2. Nf3 Nc6 3. Bc4 Bc5 4. c3 Nf6 5. d3 0-0 6. Bb3 h6 7. 0-0 d6 8. Be3 Bxe3 9. fxe3 Bg4 10. Nbd2 d5 11. h3 Bh5 12. Qe1 Bg6 13. Bc2 d4 14. exd4 exd4 15. Rd1 Re8 16. Bb3 dxc3 17. bxc3 Qxd3 18. Qg3 Bxe4 19. Nxe4 Qxe4 20. Kh1 Nh5 21. Bxf7+ Kh8 22. Bxh5 Re7 23. Rde1 Qf5 24. Rxe7 Nxe7 25. Bg4 Qb5 26. Re1 Nd5 27. Qe5 c6 28. Bf5 1-0

[Event "Leipzig VfB op 21st"]
[Site "Leipzig"]
[Date "2014.03.08"]
[Round "7"]
[White "Ortlepp, Konstanze"]
[Black "Bergmann, Thomas"]
[Result "0-1"]
[WhiteElo "1580"]
[BlackElo "1857"]
[PlyCount "60"]
[EventDate "2014.03.04"]
[EventType "tourn"]
[EventRounds "9"]
[EventCountry "GER"]
[SourceTitle "CBM 159 Extra"]
[Source "ChessBase"]
[SourceDate "2014.04.24"]
[SourceVersion "1"]
[SourceVersionDate "2014.04.24"]
[SourceQuality "1"]

1. e4 e5 2. Nf3 Nc6 3. Bc4 Nf6 4. d3 d6 5. c3 Be7 6. Bb3 0-0 7. 0-0 Bg4 8. Be3 d5 9. exd5 Nxd5 10. Bc2 f5 11. c4 Nf6 12. Nc3 a6 13. Nd5 Nxd5 14. cxd5 Nb4 15. Bb3 Nxd5 16. Rc1 c6 17. Bc2 Bf6 18. Bd2 Qd6 19. Bc3 Rfe8 20. Re1 Re7 21. Qd2 Bxf3 22. gxf3 h6 23. Rcd1 Bg5 24. Qe2 Rae8 25. Qf1 Kh8 26. Qh3 Qg6 27. Kh1 Nf4 28. Qg3 Qh5 29. Bd2 Bh4 30. Qg1 Qxf3+ 0-1

[Event "Leipzig VfB op 21st"]
[Site "Leipzig"]
[Date "2014.03.05"]
[Round "3"]
[White "Ortlepp, Konstanze"]
[Black "Mertens, Lothar"]
[Result "0-1"]
[WhiteElo "1580"]
[BlackElo "1636"]
[PlyCount "128"]
[EventDate "2014.03.04"]
[EventType "tourn"]
[EventRounds "9"]
[EventCountry "GER"]
[SourceTitle "CBM 159 Extra"]
[Source "ChessBase"]
[SourceDate "2014.04.24"]
[SourceVersion "1"]
[SourceVersionDate "2014.04.24"]
[SourceQuality "1"]

1. e4 c5 2. Nf3 Nc6 3. d4 cxd4 4. Nxd4 Nf6 5. Nc3 g6 6. Be2 Bg7 7. Be3 0-0 8. Qd2 d6 9. 0-0 a6 10. Rad1 Bd7 11. f4 Ng4 12. Nxc6 bxc6 13. Bd4 Bh6 14. Qd3 Nf6 15. Qg3 Bg7 16. f5 c5 17. Be3 Qc8 18. fxg6 fxg6 19. Bf3 Rb8 20. Bc1 Bc6 21. Nd5 Nxd5 22. exd5 Bb5 23. Bg4 Rxf1+ 24. Rxf1 Bd7 25. Bxd7 Qxd7 26. c3 Rf8 27. Rxf8+ Bxf8 28. Bg5 e5 29. dxe6 Qxe6 30. a3 d5 31. Qf3 c4 32. Be3 Bg7 33. Bc5 Bf6 34. Qg3 Be5 35. Qf3 Bf6 36. Qg3 Qe5 37. Qf2 Kf7 38. Bd4 Qf5 39. Bxf6 Qb1+ 40. Qf1 Qxf1+ 41. Kxf1 Kxf6 42. Kf2 Kf5 43. Kf3 Ke5 44. Ke3 g5 45. g4 a5 46. a4 h6 47. h3 Ke6 48. Kd4 Kd6 49. Ke3 Ke5 50. Kf3 d4 51. cxd4+ Kxd4 52. Ke2 Kc5 53. Kd2 Kb4 54. Kc2 Kxa4 55. Kc3 Kb5 56. b3 cxb3 57. Kxb3 Kc5 58. Ka4 Kd5 59. Kxa5 Ke5 60. Kb5 Kf4 61. Kc5 Kg3 62. Kd5 Kxh3 63. Ke5 Kxg4 64. Kf6 h5 0-1

[Event "Leipzig VfB op 20th"]
[Site "Leipzig"]
[Date "2013.03.09"]
[Round "9"]
[White "Ortlepp, Konstanze"]
[Black "Caprita, Victor"]
[Result "0-1"]
[WhiteElo "1543"]
[BlackElo "1429"]
[PlyCount "70"]
[EventDate "2013.03.05"]
[EventType "swiss"]
[EventRounds "9"]
[EventCountry "GER"]
[SourceTitle "EXT 2014"]
[Source "ChessBase"]
[SourceDate "2013.11.20"]
[SourceVersion "1"]
[SourceVersionDate "2013.11.20"]
[SourceQuality "1"]

1. e4 e6 2. d4 d5 3. exd5 exd5 4. Nf3 Bd6 5. Bd3 Ne7 6. 0-0 0-0 7. Bxh7+ Kxh7 8. Ng5+ Kg8 9. Qh5 Bf5 10. c3 Bg6 11. Qd1 c6 12. Be3 Nf5 13. Qg4 Re8 14. Re1 Qc7 15. Nf3 Nd7 16. Nbd2 Nf6 17. Qh3 Bf4 18. Bxf4 Qxf4 19. Nf1 Bh5 20. Ne5 Bg4 21. Qd3 Nd6 22. Ne3 Bf5 23. Qd1 Rad8 24. Rc1 Nd7 25. Qh5 Nxe5 26. dxe5 Qxe5 27. h3 Qf6 28. Red1 Bg6 29. Qe2 Qg5 30. Qd2 Nf5 31. Nf1 Qxd2 32. Rxd2 d4 33. cxd4 Nxd4 34. Kh2 Re2 35. Kg3 Nf5+ 0-1

[Event "Leipzig VfB op 20th"]
[Site "Leipzig"]
[Date "2013.03.08"]
[Round "6"]
[White "Ortlepp, Konstanze"]
[Black "Ziegler, Ulrich"]
[Result "0-1"]
[WhiteElo "1543"]
[BlackElo "1843"]
[PlyCount "130"]
[EventDate "2013.03.05"]
[EventType "swiss"]
[EventRounds "9"]
[EventCountry "GER"]
[SourceTitle "EXT 2014"]
[Source "ChessBase"]
[SourceDate "2013.11.20"]
[SourceVersion "1"]
[SourceVersionDate "2013.11.20"]
[SourceQuality "1"]

1. e4 c5 2. Nf3 Nc6 3. d4 cxd4 4. Nxd4 e5 5. Nb5 d6 6. N1c3 Be6 7. Be2 a6 8. Na3 Nf6 9. 0-0 b5 10. Nd5 Bxd5 11. exd5 Nd4 12. Bg5 Be7 13. Bxf6 Nxe2+ 14. Qxe2 Bxf6 15. c3 0-0 16. Nc2 a5 17. Ne3 Rc8 18. Qxb5 Rb8 19. Qe2 Be7 20. Rab1 f5 21. f4 exf4 22. Rxf4 Bg5 23. Rf3 Re8 24. Qd3 Qb6 25. Qxf5 Bxe3+ 26. Kh1 Bh6 27. Qf7+ Kh8 28. Rbf1 Qd8 29. h3 g6 30. b3 Bg7 31. c4 Rf8 32. Qe6 Re8 33. Qg4 Re5 34. Qg3 Qg5 35. Qxg5 Rxg5 36. Rf7 Ra8 37. Rd7 Be5 38. Rff7 h5 39. Kg1 Rg3 40. Ra7 Rxa7 41. Rxa7 Bd4+ 42. Kh2 Be5 43. Ra8+ Kg7 44. Kg1 Bc3 45. Kf2 Rd3 46. Ke2 Rd2+ 47. Kf3 Rxa2 48. c5 dxc5 49. d6 Rd2 50. Ra7+ Kf6 51. d7 Ke7 52. d8Q+ Kxd8 53. g4 hxg4+ 54. hxg4 g5 55. Ke4 Rf2 56. Kd5 Bb4 57. Rg7 Rd2+ 58. Kc4 Rd4+ 59. Kb5 Rxg4 60. Kc6 Ke8 61. Kd6 Kf8 62. Rb7 c4+ 63. Ke6 cxb3 64. Kf6 Rf4+ 65. Kxg5 Rf1 0-1

[Event "Leipzig VfB op 19th"]
[Site "Leipzig"]
[Date "2012.03.07"]
[Round "2"]
[White "Kreyssig, Bruno"]
[Black "Ortlepp, Konstanze"]
[Result "1/2-1/2"]
[WhiteElo "1741"]
[BlackElo "1017"]
[PlyCount "59"]
[EventDate "2012.03.06"]
[EventType "swiss"]
[EventRounds "9"]
[EventCountry "GER"]
[SourceTitle "CBM 147 Extra"]
[Source "ChessBase"]
[SourceDate "2012.04.24"]
[SourceVersion "1"]
[SourceVersionDate "2012.04.24"]
[SourceQuality "1"]

1. e4 e5 2. f4 d5 3. exd5 Qxd5 4. fxe5 Qxe5+ 5. Qe2 Qxe2+ 6. Bxe2 Nf6 7. Nf3 Bd6 8. 0-0 0-0 9. Bd3 Nc6 10. a3 Re8 11. Nc3 Ne5 12. Nxe5 Bxe5 13. b4 Bd4+ 14. Kh1 Ng4 15. h3 Nf2+ 16. Kh2 Be5+ 17. Kg1 Nxd3 18. cxd3 c6 19. Bb2 Be6 20. Rab1 f6 21. Na4 Bxb2 22. Nxb2 Rad8 23. Rf3 Bd5 24. Re3 Bf7 25. Rbe1 h6 26. Kf2 g5 27. R1e2 f5 28. Nc4 Rxe3 29. dxe3 Rxd3 30. Na5 1/2-1/2

[Event "Leipzig VfB op 19th"]
[Site "Leipzig"]
[Date "2012.03.06"]
[Round "1"]
[White "Ortlepp, Konstanze"]
[Black "Bronn, Gottfried"]
[Result "0-1"]
[WhiteElo "1017"]
[BlackElo "1905"]
[PlyCount "104"]
[EventDate "2012.03.06"]
[EventType "swiss"]
[EventRounds "9"]
[EventCountry "GER"]
[SourceTitle "CBM 147 Extra"]
[Source "ChessBase"]
[SourceDate "2012.04.24"]
[SourceVersion "1"]
[SourceVersionDate "2012.04.24"]
[SourceQuality "1"]

1. e4 d5 2. exd5 Qxd5 3. Nc3 Qa5 4. Bc4 Nf6 5. d3 Nc6 6. Nf3 Bg4 7. Be3 Ne5 8. Bb3 Nxf3+ 9. gxf3 Bh5 10. Rg1 h6 11. Qe2 g5 12. h3 Bg7 13. 0-0-0 0-0-0 14. Bd2 Qb6 15. Be3 Qc6 16. Ne4 Nd5 17. Ng3 Bg6 18. Ne4 Nxe3 19. fxe3 f5 20. Nf2 Bh5 21. e4 Rhf8 22. Bd5 Qb6 23. Bb3 Bd4 24. Rgf1 Rf6 25. c3 Be3+ 26. Kb1 Bxf2 27. Rxf2 fxe4 28. dxe4 Rxd1+ 29. Bxd1 Bg6 30. Bc2 h5 31. Rf1 Qe6 32. Qg2 Qe5 33. a3 Rb6 34. Kc1 Qb5 35. Bd1 Qe5 36. Bc2 Qf4+ 37. Kb1 Bf7 38. Rg1 Qe5 39. Qd2 Rd6 40. Rxg5 Qe6 41. Rd5 Qxh3 42. Rxd6 cxd6 43. Qd1 h4 44. f4 Qg3 45. e5 Qxf4 46. exd6 exd6 47. Qh1 Be6 48. b4 h3 49. Be4 Bf5 50. Bxf5+ Qxf5+ 51. Kc1 Qg4 52. Kc2 Qg2+ 0-1